| 000 | 01920cam a22003494a 4500 | ||
|---|---|---|---|
| 001 | 17134223 | ||
| 003 | Nust- CAS-E | ||
| 005 | 20180118181353.0 | ||
| 008 | 120125s2012 flua b 001 0 eng | ||
| 010 | _a 2012001338 | ||
| 020 | _a9781439847701 | ||
| 040 |
_aDLC _cDLC |
||
| 042 | _apcc | ||
| 050 | 0 | 0 |
_aTJ1058 _b.V65 2012 |
| 082 | 0 | 0 |
_a621.82 _223 _bVOL 2012 |
| 084 |
_aSCI041000 _aTEC007000 _aTEC031020 _2bisacsh |
||
| 100 | 1 | _aVollan, Arne. | |
| 245 | 1 | 0 |
_aComputational techniques of rotor dynamics with the finite element method / _cArne Vollan, Louis Komzsik. |
| 260 |
_aBoca Raton, FL : _bCRC Press, _cc2012. |
||
| 300 |
_axiii, 282 p. : _bill. ; _c25 cm. |
||
| 504 | _aIncludes bibliographical references and index. | ||
| 520 | _a"This book covers using practical computational techniques for simulating behavior of rotational structures and then using the results to improve fidelity and performance. Applications of rotor dynamics are associated with important energy industry machinery, such as generators and wind turbines, as well as airplane engines and propellers. This book presents techniques that employ the finite element method for modeling and computation of forces associated with the rotational phenomenon. The authors also discuss state-of-the-art engineering software used for computational simulation, including eigenvalue analysis techniques used to ensure numerical accuracy of the simulations"-- | ||
| 650 | 0 |
_aRotors _xDynamics. |
|
| 650 | 0 | _aFinite element method. | |
| 650 | 7 |
_aSCIENCE / Mechanics / General _2bisacsh. |
|
| 650 | 7 |
_aTECHNOLOGY & ENGINEERING / Electrical _2bisacsh. |
|
| 650 | 7 |
_aTECHNOLOGY & ENGINEERING / Power Resources / Electrical _2bisacsh. |
|
| 700 | 1 | _aKomzsik, Louis. | |
| 906 |
_a7 _bcbc _corignew _d1 _eecip _f20 _gy-gencatlg |
||
| 942 |
_2ddc _cBK |
||
| 999 |
_c355212 _d355212 |
||